000 00473nam a2200169 i 4500
001 116304
003 ES-MaACL
005 20240419063036.0
007 t|
008 061121s1980 sp |||| | spa d
100 1 _aOsorio, Guillermo,
_d1918-1982
_987767
245 1 0 _aVeinticinco sonetos /
_cGuillermo Osorio.
260 _aMadrid :
_b[s.n.],
_c1980 (
_fGráf. DO-MO)
300 _a45 p. ;
_c17 cm.
852 _aES-MaACL
_j2111-F-16
999 _c116304
_d116304